000
00232nam a2200097Ia 4500
005
20251222114343.0
008
251222s1900||||xx |||||||||||||| ||spa||
082
_a
DVD0093/C12/2002
245
0
_a
Choropampa: El precio del oro
942
_c
DVD
999
_c
941
_d
941